Guía para el manejo eficaz de un banco de germoplasma
সংরক্ষণ করুন:
| প্রধান লেখক: | , |
|---|---|
| বিন্যাস: | গ্রন্থ |
| ভাষা: | স্প্যানিশ |
| প্রকাশিত: |
Roma
Bioversity International
2007
|
| মালা: | Manuales de Bioversity para Bancos de Germoplasma, 6
|
| বিষয়গুলি: | |
| ট্যাগগুলো: |
ট্যাগ যুক্ত করুন
কোনো ট্যাগ নেই, প্রথমজন হিসাবে ট্যাগ করুন!
|
MARC
| LEADER | 00000nam a2200000 a 4500 | ||
|---|---|---|---|
| 001 | UCI9548 | ||
| 003 | CL-VaPUC | ||
| 008 | 081120e20070000IT |||||||||||||||||spa|d | ||
| 020 | |a 9789290437673 | ||
| 082 | 0 | 4 | |a 333.9534 |b ENG |2 21 |
| 100 | 0 | |a Engels, J. M. M |e author |9 533372 | |
| 700 | 0 | |a Visser, L |e author |9 533373 | |
| 245 | 1 | 0 | |a Guía para el manejo eficaz de un banco de germoplasma |
| 300 | |a 192 p | ||
| 942 | |c BK | ||
| 945 | |d 20081120 00:00:00 |a jtorresc | ||
| 260 | |a Roma |b Bioversity International |c 2007 | ||
| 650 | 7 | |a GERMOPLASMA |2 CL-VaPUC |9 418787 | |
| 650 | 0 | |a Recursos genéticos |9 393131 | |
| 650 | 0 | |a Genética molecular |9 269770 | |
| 650 | 7 | |a DESARROLLOS TECNOLOGICOS |2 CL-VaPUC |9 533374 | |
| 583 | |a last modification |c 20081120 00:00:00 |k Rodrigo Vera | ||
| 490 | 0 | |a Manuales de Bioversity para Bancos de Germoplasma, 6 | |
| 999 | |c 332065 |d 332063 | ||
| 952 | |0 0 |1 0 |4 0 |6 333_953400000000000_ENG_2007 |7 0 |8 A |9 419433 |a BIBAGR |b BIBAGR |d 2019-11-22 |i 4499115 |o 333.9534 ENG 2007 |p 4499115 |r 2025-01-20 |w 2019-11-22 |y BK |k AGR | ||
| 952 | |0 0 |1 0 |4 0 |6 333_953400000000000_ENG_2007 |7 0 |8 A |9 419434 |a BIBAGR |b BIBAGR |d 2019-11-22 |i 4530578 |o 333.9534 ENG 2007 |p 4530578 |r 2025-01-20 |w 2019-11-22 |y BK |k AGR | ||